Quizzes
Events
Quiz Creation
Community
Videos
Private Events
Remove Ads
Sign In
Join for FREE
Feedback
Dark Mode
Quiz Categories
Sports
Geography
Music
Movies
Television
Just For Fun
Miscellaneous
History
Literature
Language
Science
Gaming
Entertainment
Religion
Holiday
For Kids
Quiz Lab
Recent
Popular Today
Quiz Kudos Today
Editor Picks
Curator Picks
Quizzes by...
Day
Popularity
Type
Ratings
Length
Year
Community
Subscriptions
Recent Discussions
Orange Saloon
Badges
Playlists
Quests
Create
Leaderboards
Showdown
Live 5
Trivia Bingo
Activity
Puzzle Library
Sporcle Events
Private Events
Virtual Trivia
Globe League
Become a Host
Pub Owners
SporcleCon
Opinionation
Our Games
Videos
Blog
Mobile Apps
Partnerships
Remove Ads and Go Orange
Feedback
Sports
Athletes
MLB
NBA
NHL
NFL
Soccer
Sports Teams
WWE
NCAA
Football
Premier League
Basketball
Baseball
Hockey
Golf
Tennis
Cricket
Rugby
Auto Racing
Olympics
World Cup
Sports
Athletes
MLB
NBA
NHL
NFL
Soccer
Sports Teams
WWE
NCAA
Football
Premier League
Basketball
Baseball
Hockey
Golf
Tennis
Cricket
Rugby
Auto Racing
Olympics
World Cup
Random Quiz
Search Sporcle
×
Quiz Lab
Quiz Lab
Sports
Logo
Type in answers that appear in a list
Type in answers that appear in a list
Classic
Best Score? Go Orange.
Sports logo quiz Stats
Can you name the Sports logo quiz?
By
Navarro2814
9m
20 Questions
4,680 Plays
4,680 Plays
4,680 Plays
Comments
Comments
Give Quiz Kudos
Give Quiz Kudos
-
- Ratings
hide this ad
Forced Order
Answers have to be entered in order
Answers have to be entered in order
Random Order
Randomize order of answers
Randomize order of answers
Replay
Link that replays current quiz
Next Quiz
Link to next quiz in quiz playlist
You Got
0%
They Got
Avg Score
51%
Avg Friend Score
Upgrade to see
Score Distribution
Jump to the score distribution portion of the page
Score
0/20
Timer
09:00
0
Plays Today
Questions
Answers
% Correct
What NHL does not have a hockey stick: Capitals, Islanders, Avalanche
Avalanche
74.4%
What two logos have lightning bolts?
Chargers and Lightning
72%
What logo features a tire with wings?
Red Wings
68.4%
What NHL logo is a musical note?
Blues
67.7%
What logo includes a green deer?
Bucks
66.5%
Which NBA logo features trees?
Timberwolves
64.9%
What MLB logo has a compass?
Mariners
61.7%
What MLB logo has an incomplete star on it?
Astros
59%
What NFL logo has feathers?
Redskins
56.4%
What MLB logo has an ax?
Braves
56%
Questions
Answers
% Correct
Which 2 logos are on fire?
Flames and Heat
55.5%
What MLB logo is a bright yellow letter?
Pirates
51.9%
What animal logo is jumping at you?
Panthers
51.1%
What NHL animal logo has the largest tooth?
Predators
47.9%
What NFL logo has a green eye?
Seahawks
40.9%
What NHL team’s logo has a yellow moon?
Wild
35.4%
What logo is human footwear?
Red Sox
31.8%
What NBA logo has the biggest basketball?
Pistons
27.8%
Which team’s background is a baseball diamond?
Rays
23.4%
What is the only logo that is a flag?
Buccaneers
22.2%
Quiz Playlist
Details
Report
Send in Message
Add To Playlist
Classic:
Type in answers that appear in a list
Forced Order:
Answers have to be entered in order
Random Order:
Randomize order of answers
Last Updated: Feb 16, 2017
Quiz Scoreboard
CHALLENGE
Sign Up to Join the Scoreboard
Show All
Scores
Hide
Comments
May contain spoilers
Recently Published
College Basketball Coaching Resumes
by pancakes188
Sports
9m
Billboard Blitz: Fleetwood Mac
by CooCooCachoo
Music
15s
Presidents Visiting Landmarks
by Hejman
History
7m
More to Explore
Quiz From the Vault
Featured Blog Post
Where Did the Easter Bunny Come From?
hide this ad
You Might Also Like...
Tags
Logo Quiz
Today's Top Quizzes in Sports
Browse Sports
hide this ad
Today's Top Quizzes in Logo
Browse Logo
Top Contributed Quizzes in Sports
1
2022 World Cup Stars
2
Les meilleurs buteurs des matchs entre le PSG et l’OM
3
FIFA Club World Cup Champions
4
Les entraîneurs de l'OM et du PSG au 21e siècle
5
Criteria MLB: Left Handed Sluggers
6
AFC Teams Reveal (Wrong Answers Minefield)
7
5-to-1: UK Sports Teams
8
5-to-1: FBS Animal Nicknames
9
2023 MLB Unique Player Accomplishments
10
Name the Premier League winners with different clubs
Explore More
Trending Topics
Disney
Anime
Harry Potter
Crossword
Marvel
Kpop
NBA
NFL
Song
Pokémon
Puzzle
The Office
WWE
Country
Soccer
hide this ad
More By:
Navarro2814
Quiz
Plays
Rating
Category
Featured
Created
Candy Wrappers Close-Up
184,080
4.26
Miscellaneous
Feb 19, 2011
Sports Teams with X-Y-Z
110,480
4.39
Sports
Feb 6, 2010
Sports Logos Close-Up V
69,584
4.27
Sports
Mar 11, 2011
Perfect Game (Sporcle Edition)
10,131
3.25
Sports
Jun 24, 2010
Sports Teams Initials (MH= Miami Heat)
6,981
4.10
Sports
Mar 5, 2010
Go to Creator's Profile
Score Distribution
Quiz Creator Spotlight
Navarro2814
Follow
Send a Message
Quizzes Created
-
Created Quiz Play Count
-
More By This Creator
Popular Quizzes Today
1
Find the US States - No Outlines Minefield
2
Find the Countries of Europe - No Outlines Minefield
3
The Countries of the World
4
Find the US States
5
Risky Map Clicking: Biggest States A-Z
6
US States
7
Popular People in 1961
8
Movies - When Are They Set?
More Sports Quizzes
Click the members of the Natural Born Thrillers
Editor's Pick
Trending Quizzes
Risky Map Clicking: Least Populous States A-Z
1-10 Letter G Words
1-10 Letter F Words
Risky Map Clicking: Next State Alphabetically
Risky Map Clicking: Biggest States A-Z
Recently Updated
Leaping Animals
pecheneg
Reality TV Shows (A-Z)
bhenderson79
Rickey Henderson's Hall of Fame Teammates
pecheneg
Champions League XIs: Arsenal
pecheneg
Quick Pick: Celebrities in WWE's Hall of Fame
aduchscher
A-Z Keypad Blitz II
pecheneg
Multiple Oscar Actors
pecheneg
Mystery Phrase Blitz: Oscar 'Best Actors'
pecheneg
F. Scott Fitzgerald Novels
LTH
Pick 3 Villains
ddd62291
Trending Topics
Disney
Marvel
Anime
Harry Potter
Kpop
Crossword
NBA
Country
WWE
Pokémon
NFL
Song
The Office
Soccer
Puzzle
Your Account Isn't Verified!
In order to create a playlist on Sporcle, you need to verify the email address you used during registration. Go to your
Sporcle Settings
to finish the process.
Report this User
Report this user for behavior that violates our
Community Guidelines
.
Details:
Send Report
Go to the Sporcle.com Mobile Site →
Comments